| 000 | 01252nam a22003017a 4500 | ||
|---|---|---|---|
| 999 |
_c13421 _d13421 |
||
| 003 | MIRAKIL | ||
| 005 | 20190719105438.0 | ||
| 008 | 190719b tu ||||| |||| 00| 0 tur d | ||
| 020 | _a9786052958209 | ||
| 040 |
_aTR-AnCHP _cTR-AnCHP |
||
| 041 | _atur | ||
| 082 |
_a927.780 _bS25 2019 |
||
| 245 | 1 | 0 |
_aSanatın ışığında 78 yıl : _bAtatürk'ün önderliğinde Türkiye'nin çağdaş sanat mücadelesi / _cyayına hazırlayan Ahmet Altar. |
| 246 | _aAtatürk'ün önderliğinde Türkiye'nin çağdaş sanat mücadelesi | ||
| 246 | _aCevad Memduh Altar anıları | ||
| 260 |
_aİstanbul : _bTürkiye İş Bankası Kültür yayınları, _c2019. |
||
| 300 |
_axxv, 821 s.: _bfotg.; _c20sm. |
||
| 490 | 0 |
_aTürkiye İş Bankası Kültür yayınları; _vgenel yayın: 4493 |
|
| 504 | _aDizin vardır. | ||
| 600 | 0 |
_95891 _aAltar, Cevad Memduh _d1902-1995 _xyaşamöyküsü |
|
| 600 | 0 |
_95891 _aAltar, Cevad Memduh _d1902-1995 _xAnılar |
|
| 650 | 0 |
_95892 _aMüzikologlar _xyaşamöyküsü _zTürkiye |
|
| 650 | 0 |
_95893 _aMüzik _xTarih _zTürkiye _y20.yy |
|
| 700 |
_95894 _aAltar, Ahmet _eyay. haz. |
||
| 740 | _aAtatürk'ün önderliğinde Türkiye'nin çağdaş sanat mücadelesi / | ||
| 740 | _aCevad Memduh Altar anıları | ||
| 942 |
_2ddc _cBKS |
||